Panamá
Guardat en:
| Autor corporatiu: | |
|---|---|
| Format: | Text |
| Publicat: |
San José:
FLACSO
|
| Etiquetes: |
Afegir etiqueta
Sense etiquetes, Sigues el primer a etiquetar aquest registre!
|
MARC
| LEADER | 00000 a a2200000 04500 | ||
|---|---|---|---|
| 001 | 23975 | ||
| 003 | |||
| 040 | |||
| 090 | |a 170105 | ||
| 110 | |a FLASCO | ||
| 245 | |a Panamá | ||
| 260 | |a San José: |b FLACSO | ||
| 999 | |c 11565 |d 11565 | ||
